000 00534nam a22001937a 4500
003 KOHA_MİRAKIL
005 20251117163502.0
008 251117b tu ||||| |||| 00| 0 tur d
020 _a9789944756976
040 _aTR-AnABB
_btur
_cTR-AnABB
041 _atur
082 _a893.1
_bMAH 2011
100 1 _aMahfuz, Necip,
245 1 0 _aMidak Sokağı /
_cNecip Mahfuz
260 _aİstanbul :
_bKırmızı Kedi Yayınları,
_c2011
300 _a297 sayfa ;
_c21 cm
650 0 4 _aTürk edebiyatı, roman
942 _2ddc
_cBK
999 _c9493
_d9493
900 _bGizem YORULMAZ